000 00692nam a22002177a 4500
999 _c19795
_d19795
003 AR-CdUCM
008 190522b ||||| |||| 00| 0 spa d
040 _aMUNICIPALIDAD PROVINCIAL DEL CUSCO
_cBIBLIOTECA MUNICIPAL DEL CUSCO
082 _a848.8 /
_bH98
100 _aHuysmans, J. K.
_941398
245 _aAl revés :
_ba rebours /
260 _aValencia :
_bPrometeo,
300 _a310 paginas ;
_c19 cm.
505 _aContenido: Novela alemana.
650 _aNovela alemana
_99412
650 _aAlemania
_91327
700 _aBlasco Ibañez, Vicente (prologo)
_941399
700 _aGómez de la mata, Germán (traducción)
_941400
942 _2ddc
_cLIBROS
945 _ajavier
_d2019-05-22